| 000 | 01146nam a22002777a 4500 | ||
|---|---|---|---|
| 999 |
_c7262 _d7262 |
||
| 003 | AR-CdUCM | ||
| 008 | 190320b ||||| |||| 00| 0 spa d | ||
| 040 |
_aMUNICIPALIDAD PROVINCIAL DEL CUSCO _cBIBLIOTECA MUNICIPAL DEL CUSCO |
||
| 082 |
_a801.951 / _bSA19 |
||
| 100 |
_aSamanez Paz, Luz _920465 |
||
| 245 |
_aPoesía del Qosqo i de América latina: _bantología / |
||
| 246 | _aIX Festival Cultural Latinoamericano Qori Ocllo | ||
| 260 |
_aCusco : _bImprenta Pantigozo, _c2003. |
||
| 300 |
_a223 páginas ; _c21 cm. |
||
| 500 | _aPublicación por el mes jubilar del Cusco. | ||
| 505 | _aContenido: Qory Oqllo, la primera poetisa del imperio incaico -- poesía infantil -- América latina ... | ||
| 650 |
_aLiteratura latinoamericana _91143 |
||
| 650 |
_aPoesía - América latina - Perú _920466 |
||
| 650 |
_aPoesía - Cusco _95957 |
||
| 650 |
_aAntología de poetas del Cusco _920467 |
||
| 710 |
_aAsociación Latinoamericana de Poetas _920468 |
||
| 710 |
_aAsociación Nacional de Escritores y Artistas _920469 |
||
| 710 |
_aAsociación Peruana de Literatura Infantil y Juvenil _920470 |
||
| 942 |
_2ddc _cLIBROS |
||
| 945 | _alccs | ||